00314nam a2200121 a 4500008004100000020001500041050001500056100002200071245002900093260004000122300002100162350000900183120416s0000 ||||||||||||||||| || u a0471203718 aTJ 213 Der aDeRoy, Benjamin E10aAutomatic control theory aNew YorkbJohn Wiley and Sonsc1966 axi, 274p. : ill. a0.00